[Event "Campeonato de España Universitario 2008"]
[Site "Madrid ESP"]
[Date "2008.05.09"]
[Round "6.12"]
[White "Cruz Alvarez De Ron, Dan"]
[Black "Serrano Bozada, Esteban"]
[Result "1-0"]
[WhiteElo "2269"]
[BlackElo "2188"]
[PlyCount "73"]
[EventDate "2008.05.08"]
[EventType "swiss"]
[EventRounds "9"]
[EventCountry "ESP"]
[Source "lmi"]
[SourceDate "2008.05.08"]

1. Nf3 g6 2. e4 Bg7 3. d4 d6 4. Bc4 Nf6 5. Qe2 O-O 6. O-O c6 7. Bb3 Qc7 8. Nc3
e5 9. dxe5 dxe5 10. Be3 Nbd7 11. h3 b6 12. Ng5 h6 13. Nxf7 Rxf7 14. Bxf7+ Kxf7
15. Qc4+ Kf8 16. Nb5 Qb8 17. Qxc6 Bb7 18. Qd6+ Qxd6 19. Nxd6 Bxe4 20. Nxe4 Nxe4
21. f4 Kg8 22. Rad1 exf4 23. Rxf4 Ndf6 24. c3 Ng3 25. Ra4 g5 26. Bxb6 Rb8 27.
Rd8+ Rxd8 28. Bxd8 Nfe4 29. Rxa7 Be5 30. Bc7 Bf6 31. Bxg3 Nxg3 32. Kf2 Ne4+ 33.
Ke3 Nd6 34. Kd3 Kf8 35. a4 h5 36. a5 Ke8 37. a6 1-0

[Event "Campeonato de España Universitario 2008"]
[Site "Madrid ESP"]
[Date "2008.05.09"]
[Round "6.13"]
[White "Pena Gomez, Manuel"]
[Black "Perez Mauricio, Xoel"]
[Result "1-0"]
[WhiteElo "2312"]
[BlackElo "2168"]
[PlyCount "93"]
[EventDate "2008.05.08"]
[EventType "swiss"]
[EventRounds "9"]
[EventCountry "ESP"]
[Source "lmi"]
[SourceDate "2008.05.08"]

1. c4 c5 2. b3 b6 3. Bb2 Bb7 4. e3 e6 5. Nf3 Nf6 6. Be2 Be7 7. O-O O-O 8. d4
cxd4 9. Nxd4 d5 10. Bf3 Nbd7 11. cxd5 Nxd5 12. Nd2 Rc8 13. Rc1 Rxc1 14. Qxc1
Qa8 15. Qa1 Rc8 16. Nc4 a6 17. Rd1 Rc7 18. Ne2 Qf8 19. Ng3 b5 20. Nd2 Bf6 21.
Nge4 Bxb2 22. Qxb2 h6 23. a3 Qe7 24. Rc1 N7f6 25. Rxc7 Qxc7 26. b4 Nxe4 27.
Nxe4 Nb6 28. h3 Nc4 29. Qd4 Ne5 30. Be2 Bxe4 31. Qxe4 Qd6 32. f4 Qd2 33. Bxb5
axb5 34. Qxe5 Qe2 35. Kh2 Kh7 36. Qe4+ g6 37. Qf3 Qd3 38. e4 Qc2 39. h4 h5 40.
f5 exf5 41. exf5 Qc7+ 42. Qg3 Qe7 43. Qf4 Qa7 44. f6 Qd7 45. Qe5 Qe6 46. Qxe6
fxe6 47. Kg3 1-0

[Event "Campeonato de España Universitario 2008"]
[Site "Madrid ESP"]
[Date "2008.05.09"]
[Round "6.14"]
[White "Garcia Brion, Eduardo"]
[Black "Lopez Del Alamo, Antonio"]
[Result "1/2-1/2"]
[WhiteElo "2158"]
[BlackElo "2299"]
[PlyCount "32"]
[EventDate "2008.05.08"]
[EventType "swiss"]
[EventRounds "9"]
[EventCountry "ESP"]
[Source "lmi"]
[SourceDate "2008.05.08"]

1. e4 c5 2. Nf3 e6 3. d4 cxd4 4. Nxd4 Nf6 5. Nc3 d6 6. Bd3 Be7 7. O-O O-O 8. h3
a6 9. a4 Qc7 10. a5 Nbd7 11. f4 b5 12. axb6 Qxb6 13. Be3 Bb7 14. Nf5 Qd8 15.
Nxe7+ Qxe7 16. Ra5 Rfc8 1/2-1/2

[Event "Campeonato de España Universitario 2008"]
[Site "Madrid ESP"]
[Date "2008.05.09"]
[Round "6.15"]
[White "Jimenez Lopez, Antonio"]
[Black "Piay Augusto, Diego"]
[Result "1/2-1/2"]
[WhiteElo "2146"]
[BlackElo "2281"]
[PlyCount "60"]
[EventDate "2008.05.08"]
[EventType "swiss"]
[EventRounds "9"]
[EventCountry "ESP"]
[Source "lmi"]
[SourceDate "2008.05.08"]

1. e4 d5 2. exd5 Nf6 3. Bb5+ Bd7 4. Be2 Nxd5 5. d3 e5 6. Nf3 Nc6 7. O-O Bc5 8.
c3 O-O 9. b4 Bd6 10. b5 Nce7 11. c4 Nf6 12. Bb2 Ng6 13. d4 exd4 14. Bxd4 Ne4
15. Nbd2 Nxd2 16. Qxd2 Bg4 17. Rad1 Re8 18. Be3 Qe7 19. h3 Bf5 20. Bd3 Ne5 21.
Bxf5 Nxf3+ 22. gxf3 Qe5 23. Bxh7+ Kxh7 24. f4 Qh5 25. Qc2+ Kg8 26. c5 Qxh3 27.
cxd6 Re6 28. f5 Qg4+ 29. Kh2 Qh4+ 30. Kg2 Qg4+ 1/2-1/2

[Event "Campeonato de España Universitario 2008"]
[Site "Madrid ESP"]
[Date "2008.05.09"]
[Round "6.16"]
[White "Sierra Canosa, Francisco"]
[Black "Serna Lara, Sergio"]
[Result "0-1"]
[WhiteElo "2141"]
[BlackElo "2248"]
[PlyCount "128"]
[EventDate "2008.05.08"]
[EventType "swiss"]
[EventRounds "9"]
[EventCountry "ESP"]
[Source "lmi"]
[SourceDate "2008.05.08"]

1. e4 e6 2. d4 d5 3. e5 c5 4. c3 Nc6 5. Nf3 Qb6 6. a3 Nh6 7. b4 cxd4 8. cxd4
Nf5 9. Be3 f6 10. exf6 gxf6 11. Bd3 Nxe3 12. fxe3 Bh6 13. Qe2 Bd7 14. Nc3 Ne7
15. O-O O-O 16. Nd1 Ng6 17. Nh4 f5 18. Nxg6 hxg6 19. Nf2 Rac8 20. Nh3 Kg7 21.
Kh1 Rh8 22. g4 Qd8 23. Qg2 Bxe3 24. gxf5 exf5 25. Rae1 Bd2 26. Re2 Bh6 27. Rfe1
Rc1 28. Rxc1 Bxc1 29. Qg3 Qf6 30. Rc2 f4 31. Qg2 Rxh3 32. Rc7 Qd6 33. Rxd7+
Qxd7 34. Qxg6+ Kf8 35. Bf5 Qe7 36. Bxh3 Qe1+ 37. Kg2 Qe2+ 38. Kh1 Qe4+ 39. Qxe4
dxe4 40. Bf5 e3 41. Bg4 Bxa3 42. b5 a5 43. bxa6 bxa6 44. Kg2 a5 45. Bd1 Kg7 46.
Kf3 Bd6 47. Ba4 Kf6 48. Bb5 Kf5 49. Bd3+ Kg5 50. Bb5 Bc7 51. Ba4 Kh4 52. Bd7
Kg5 53. Ba4 Bb6 54. d5 Bc7 55. Bd7 Bd6 56. Be8 Be7 57. Bd7 Kf6 58. Bb5 Ke5 59.
Bc6 Bg5 60. Ke2 Kd6 61. Kf3 Kc5 62. Ke2 Be7 63. Kf3 Kb4 64. Be8 a4 0-1

[Event "Campeonato de España Universitario 2008"]
[Site "Madrid ESP"]
[Date "2008.05.09"]
[Round "6.17"]
[White "Cabrero De Cabo, Miguel"]
[Black "Rivas Vila, David"]
[Result "0-1"]
[WhiteElo "2102"]
[BlackElo "2242"]
[PlyCount "78"]
[EventDate "2008.05.08"]
[EventType "swiss"]
[EventRounds "9"]
[EventCountry "ESP"]
[Source "lmi"]
[SourceDate "2008.05.08"]

1. e4 c5 2. Nc3 Nc6 3. g3 g6 4. Bg2 Bg7 5. d3 Rb8 6. Be3 b5 7. Qd2 b4 8. Nd1 d6
9. f4 e6 10. Nf3 Nd4 11. O-O Ne7 12. Qf2 Nec6 13. Nh4 O-O 14. c3 bxc3 15. bxc3
Nb5 16. e5 Na5 17. a4 Nc7 18. exd6 Na6 19. Qc2 Qxd6 20. Nf2 Rd8 21. Rad1 f5 22.
d4 c4 23. d5 Qe7 24. Rfe1 Qf7 25. dxe6 Qxe6 26. Nf3 Rxd1 27. Rxd1 h6 28. Bd4
Bxd4 29. cxd4 Nb4 30. Qc3 Nac6 31. Ne5 Nxe5 32. dxe5 Na2 33. Qa5 c3 34. Nd3 c2
35. Rf1 Qd7 36. Nc1 Nxc1 37. Rxc1 Qd1+ 38. Qe1 Qxe1+ 39. Rxe1 Rb1 0-1

[Event "Campeonato de España Universitario 2008"]
[Site "Madrid ESP"]
[Date "2008.05.09"]
[Round "6.18"]
[White "Plasencia Martinez, Victor"]
[Black "Aymerich Rosell, Pablo"]
[Result "1-0"]
[WhiteElo "2088"]
[BlackElo "2210"]
[PlyCount "77"]
[EventDate "2008.05.08"]
[EventType "swiss"]
[EventRounds "9"]
[EventCountry "ESP"]
[Source "lmi"]
[SourceDate "2008.05.08"]

1. e4 c5 2. Nf3 Nc6 3. Bb5 a6 4. Bxc6 dxc6 5. b3 Bg4 6. Bb2 Qc7 7. e5 e6 8. h3
Bh5 9. O-O h6 10. d3 g5 11. Re1 Ne7 12. Nbd2 Nd5 13. Ne4 Be7 14. Nd6+ Kf8 15.
g3 Rg8 16. c4 Nb6 17. Ne4 Rd8 18. Qe2 Nd7 19. g4 Bg6 20. Rad1 Kg7 21. Kg2 b6
22. Rh1 a5 23. h4 gxh4 24. Nxh4 Kf8 25. Nxg6+ Rxg6 26. Ng3 Bg5 27. Qe4 Be7 28.
Rh5 Ke8 29. Qe2 Bf8 30. f4 a4 31. f5 exf5 32. Rxf5 axb3 33. Rdf1 Ra8 34. a3 Qd8
35. Rxf7 Qg5 36. e6 Bd6 37. exd7+ Kd8 38. Qe8+ Kc7 39. d8=Q# 1-0

[Event "Campeonato de España Universitario 2008"]
[Site "Madrid ESP"]
[Date "2008.05.09"]
[Round "6.19"]
[White "Lara Lopez, Jose"]
[Black "Lorente Peñalba, Diego"]
[Result "1-0"]
[WhiteElo "2178"]
[BlackElo "2134"]
[PlyCount "99"]
[EventDate "2008.05.08"]
[EventType "swiss"]
[EventRounds "9"]
[EventCountry "ESP"]
[Source "lmi"]
[SourceDate "2008.05.08"]

1. e4 c5 2. Nc3 Nc6 3. f4 g6 4. Nf3 Bg7 5. Bc4 e6 6. d3 Na5 7. e5 Nxc4 8. dxc4
Ne7 9. Ne4 O-O 10. O-O b6 11. Nd6 Nf5 12. Nxc8 Rxc8 13. g4 Nh4 14. c3 Nxf3+ 15.
Rxf3 f6 16. exf6 Qxf6 17. Be3 d5 18. cxd5 Rcd8 19. d6 e5 20. Qd5+ Qf7 21. Rd1
Qxd5 22. Rxd5 Bh6 23. f5 Bxe3+ 24. Rxe3 gxf5 25. Rexe5 fxg4 26. Re7 Rf7 27. Kg2
Kf8 28. Kg3 Rxe7 29. dxe7+ Kxe7 30. Rxd8 Kxd8 31. Kxg4 Ke7 32. Kg5 Kf7 33. b4
cxb4 34. cxb4 a5 35. b5 a4 36. Kf5 a3 37. h3 Ke7 38. Ke5 h6 39. Kd5 Kd7 40. h4
h5 41. Ke5 Ke7 42. Kf5 Kd6 43. Kg5 Kc5 44. Kxh5 Kxb5 45. Kg5 Kc4 46. h5 Kc3 47.
h6 Kb2 48. h7 Kxa2 49. h8=Q b5 50. Qc3 1-0

[Event "Campeonato de España Universitario 2008"]
[Site "Madrid ESP"]
[Date "2008.05.09"]
[Round "6.20"]
[White "Gavilan Diaz, Mario"]
[Black "Encinas Encinas, Alvaro"]
[Result "1-0"]
[WhiteElo "2300"]
[BlackElo "2050"]
[PlyCount "93"]
[EventDate "2008.05.08"]
[EventType "swiss"]
[EventRounds "9"]
[EventCountry "ESP"]
[Source "lmi"]
[SourceDate "2008.05.08"]

1. e4 e5 2. Nf3 Nc6 3. Bb5 Nge7 4. c3 d6 5. d4 Bd7 6. O-O h6 7. Bc4 Na5 8. Bd3
Ng6 9. d5 b6 10. b4 Nb7 11. Ba6 Qb8 12. a4 Be7 13. Nbd2 O-O 14. Nc4 f5 15. exf5
Bxf5 16. Ne3 Bd7 17. Qd3 Be8 18. Nf5 Qc8 19. g4 Rb8 20. h4 Qd8 21. h5 Nh4 22.
N3xh4 Bxh4 23. Qe4 Bd7 24. f4 Bxf5 25. gxf5 Qf6 26. fxe5 dxe5 27. Bxb7 Rxb7 28.
c4 Bg5 29. Bb2 Qe7 30. Qxe5 Be3+ 31. Kg2 Qg5+ 32. Qg3 Rbb8 33. Rae1 Rbe8 34.
Qxg5 Bxg5 35. Re6 Bd2 36. Ba3 Kf7 37. Rf2 Bc3 38. Rfe2 Bf6 39. Rxe8 Rxe8 40.
Rxe8 Kxe8 41. Kf3 Kd7 42. c5 Bc3 43. Ke4 Bf6 44. b5 Bc3 45. c6+ Kd8 46. d6 cxd6
47. Bxd6 1-0

[Event "Campeonato de España Universitario 2008"]
[Site "Madrid ESP"]
[Date "2008.05.09"]
[Round "6.21"]
[White "Caravaca Aguirre, Antonio Miguel"]
[Black "Garrido Dominguez, Jesus"]
[Result "1-0"]
[WhiteElo "2130"]
[BlackElo "2324"]
[PlyCount "143"]
[EventDate "2008.05.08"]
[EventType "swiss"]
[EventRounds "9"]
[EventCountry "ESP"]
[Source "lmi"]
[SourceDate "2008.05.08"]

1. Nf3 Nf6 2. c4 g6 3. b3 Bg7 4. Bb2 d6 5. d4 c6 6. e3 O-O 7. Bd3 Nbd7 8. O-O
e5 9. Nc3 Re8 10. Qc2 Qc7 11. b4 Nf8 12. Be2 Bf5 13. e4 Bd7 14. d5 cxd5 15.
Nxd5 Nxd5 16. exd5 Rec8 17. Rfc1 a5 18. a3 Qb6 19. c5 Qd8 20. Qc3 Bg4 21. h3
Bf5 22. Qb3 a4 23. Qe3 dxc5 24. Bxe5 cxb4 25. Bxg7 Kxg7 26. Qd4+ Qf6 27. Rxc8
Bxc8 28. axb4 Nd7 29. Bb5 Nb6 30. d6 Bd7 31. Bxd7 Nxd7 32. b5 Qxd4 33. Nxd4 Kf6
34. Re1 a3 35. Nb3 Ra4 36. Na1 Nc5 37. Kf1 b6 38. Re3 Kg7 39. Ke2 Kf8 40. f3 a2
41. Kd2 Rb4 42. Ra3 Rb2+ 43. Nc2 a1=Q 44. Rxa1 Nb3+ 45. Kc3 Rxc2+ 46. Kxb3 Rd2
47. Ra8+ Kg7 48. Rd8 Kf6 49. Kc4 Ke5 50. Re8+ Kf4 51. Re4+ Kf5 52. Rd4 Rc2+ 53.
Kb4 Rc8 54. d7 Rd8 55. Rd6 Ke5 56. Rxb6 Rxd7 57. Kc5 Rd2 58. Rb7 Ke6 59. b6
Rc2+ 60. Kb5 Rb2+ 61. Kc5 Rc2+ 62. Kb4 Rxg2 63. Rc7 h5 64. Kb5 f5 65. Kc6 Rc2+
66. Kb7 Rb2 67. Rc6+ Ke5 68. Rxg6 Kf4 69. Kc7 Rc2+ 70. Rc6 Rg2 71. b7 Rg7+ 72.
Kb6 1-0

[Event "Campeonato de España Universitario 2008"]
[Site "Madrid ESP"]
[Date "2008.05.09"]
[Round "6.22"]
[White "Almeida Toledano, Daniel"]
[Black "Amate Tortosa, Bernardo"]
[Result "1/2-1/2"]
[WhiteElo "2278"]
[BlackElo "2116"]
[PlyCount "70"]
[EventDate "2008.05.08"]
[EventType "swiss"]
[EventRounds "9"]
[EventCountry "ESP"]
[Source "lmi"]
[SourceDate "2008.05.08"]

1. e4 c5 2. Nf3 d6 3. d4 cxd4 4. Nxd4 Nf6 5. Nc3 a6 6. h3 e5 7. Nde2 h6 8. g4
Be7 9. Bg2 Qc7 10. a4 Nbd7 11. O-O Rb8 12. a5 b5 13. axb6 Nxb6 14. b3 Bb7 15.
Be3 O-O 16. Qd3 Rfd8 17. Nd5 Nbxd5 18. exd5 Rdc8 19. c4 Nd7 20. Ng3 Bf8 21. h4
a5 22. h5 Nc5 23. Bxc5 Qxc5 24. Qf5 Rc7 25. Be4 g6 26. hxg6 Bc8 27. Qf3 fxg6
28. Bxg6 Rg7 29. Ne4 Qd4 30. Nf6+ Kh8 31. Ne8 Rg8 32. Qf6+ Bg7 33. Nxg7 Qxg4+
34. Kh1 Qh3+ 35. Kg1 Qg4+ 1/2-1/2

[Event "Campeonato de España Universitario 2008"]
[Site "Madrid ESP"]
[Date "2008.05.09"]
[Round "6.23"]
[White "Tierraseca Montero, Pablo"]
[Black "Bermejo Martinez, Jorge"]
[Result "1/2-1/2"]
[WhiteElo "2111"]
[BlackElo "2267"]
[PlyCount "48"]
[EventDate "2008.05.08"]
[EventType "swiss"]
[EventRounds "9"]
[EventCountry "ESP"]
[Source "lmi"]
[SourceDate "2008.05.08"]

1. c4 Nf6 2. Nf3 c5 3. d3 b6 4. Nc3 Bb7 5. e4 d6 6. g3 e6 7. Bg2 Be7 8. O-O O-O
9. a3 Qc7 10. Rb1 Nc6 11. Qe2 Rfe8 12. h3 Rad8 13. Bd2 a6 14. Rfe1 Bf8 15. g4
Nd7 16. Bf4 Nde5 17. b4 Nxf3+ 18. Qxf3 Nd4 19. Qd1 cxb4 20. axb4 b5 21. Be3 e5
22. Bxd4 exd4 23. Nd5 Bxd5 24. cxd5 Rc8 1/2-1/2

[Event "Campeonato de España Universitario 2008"]
[Site "Madrid ESP"]
[Date "2008.05.09"]
[Round "6.24"]
[White "Claros Egea, Christian"]
[Black "Ruiz Garcia, Mario"]
[Result "0-1"]
[WhiteElo "2240"]
[BlackElo "2107"]
[PlyCount "66"]
[EventDate "2008.05.08"]
[EventType "swiss"]
[EventRounds "9"]
[EventCountry "ESP"]
[Source "lmi"]
[SourceDate "2008.05.08"]

1. Nf3 Nf6 2. b3 d6 3. Bb2 e5 4. e3 Be7 5. Be2 e4 6. Ng1 d5 7. d3 O-O 8. h4 c5
9. h5 h6 10. Nh3 Bxh3 11. Rxh3 Nc6 12. Nd2 Bd6 13. dxe4 Nxe4 14. Nxe4 dxe4 15.
Bc4 Qe7 16. Qg4 Be5 17. O-O-O Rad8 18. Rhh1 Na5 19. Bxe5 Qxe5 20. Kb1 Nxc4 21.
bxc4 b5 22. cxb5 c4 23. a4 Qe7 24. Rxd8 Qb4+ 25. Kc1 Qa3+ 26. Kb1 Rxd8 27. Rd1
Rxd1+ 28. Qxd1 c3 29. Qc1 Qb4+ 30. Ka2 Qxa4+ 31. Kb1 Qxb5+ 32. Ka2 Qa4+ 33. Kb1
a5 0-1

[Event "Campeonato de España Universitario 2008"]
[Site "Madrid ESP"]
[Date "2008.05.09"]
[Round "6.25"]
[White "Castejon Caballero, Natalia"]
[Black "Martinez Martin, Iñigo"]
[Result "0-1"]
[WhiteElo "2079"]
[BlackElo "2228"]
[PlyCount "64"]
[EventDate "2008.05.08"]
[EventType "swiss"]
[EventRounds "9"]
[EventCountry "ESP"]
[Source "lmi"]
[SourceDate "2008.05.08"]

1. e4 e5 2. Nf3 Nf6 3. Nxe5 d6 4. Nf3 Nxe4 5. d4 d5 6. Bd3 Be7 7. O-O Nc6 8. c4
Nb4 9. Be2 dxc4 10. Bxc4 O-O 11. Qb3 a5 12. a4 Bf5 13. Nc3 Nd6 14. Be2 Bc2 15.
Qa3 Bg6 16. Qb3 Nf5 17. Be3 c6 18. Rac1 Bf6 19. Rfd1 Qe7 20. Bf4 Rfd8 21. Be5
Bxe5 22. dxe5 Nh4 23. Rxd8+ Rxd8 24. Nxh4 Qxh4 25. Bc4 Qf4 26. Rd1 Rxd1+ 27.
Qxd1 h5 28. Qe2 Qc1+ 29. Nd1 Bc2 30. Bxf7+ Kxf7 31. Qxh5+ Ke7 32. Qh4+ g5 0-1

[Event "Campeonato de España Universitario 2008"]
[Site "Madrid ESP"]
[Date "2008.05.09"]
[Round "6.26"]
[White "Paredes Mancha, Antonio"]
[Black "Navarro Ortiz De Ortuño, Borja Ed"]
[Result "0-1"]
[WhiteElo "2076"]
[BlackElo "2224"]
[PlyCount "56"]
[EventDate "2008.05.08"]
[EventType "swiss"]
[EventRounds "9"]
[EventCountry "ESP"]
[Source "lmi"]
[SourceDate "2008.05.08"]

1. e4 e6 2. d4 d5 3. exd5 exd5 4. Nf3 Nc6 5. Bb5 Bd7 6. O-O Bd6 7. Bg5 Nge7 8.
Nc3 f6 9. Bh4 O-O 10. Bg3 Bxg3 11. hxg3 Bg4 12. Ne2 a6 13. Ba4 Na5 14. Bb3 Qd7
15. Nf4 Nxb3 16. axb3 Rfe8 17. Nd3 Qc8 18. Qd2 Nf5 19. Nc5 Nd6 20. Rae1 a5 21.
b4 b6 22. Nd3 Ne4 23. Qf4 g5 24. Qc1 axb4 25. Nxb4 Qf5 26. Re3 c5 27. dxc5 bxc5
28. Nc6 Re6 0-1

[Event "Campeonato de España Universitario 2008"]
[Site "Madrid ESP"]
[Date "2008.05.09"]
[Round "6.27"]
[White "Perez Candelario, Matias"]
[Black "Sanchez Saez, Francisco"]
[Result "0-1"]
[WhiteElo "2055"]
[BlackElo "2219"]
[PlyCount "52"]
[EventDate "2008.05.08"]
[EventType "swiss"]
[EventRounds "9"]
[EventCountry "ESP"]
[Source "lmi"]
[SourceDate "2008.05.08"]

1. e4 c5 2. Nf3 d6 3. d4 cxd4 4. Nxd4 Nf6 5. Bd3 g6 6. O-O Bg7 7. c3 O-O 8. f4
Nc6 9. Nb3 a5 10. Kh1 a4 11. Nd4 Nxd4 12. cxd4 Qb6 13. Be2 Nxe4 14. Bf3 Nf6 15.
Nc3 Bd7 16. Re1 e6 17. Be3 d5 18. Qd2 Rfc8 19. g4 a3 20. Rab1 axb2 21. Rxb2 Qa5
22. Rb3 Bc6 23. Rg1 Ne4 24. Bxe4 dxe4 25. Rg3 h5 26. a3 Rd8 0-1

[Event "Campeonato de España Universitario 2008"]
[Site "Madrid ESP"]
[Date "2008.05.09"]
[Round "6.28"]
[White "Gimeno Higueras, Roberto"]
[Black "Gomez Gomez, Francisco Javier"]
[Result "1/2-1/2"]
[WhiteElo "2219"]
[BlackElo "2097"]
[PlyCount "128"]
[EventDate "2008.05.08"]
[EventType "swiss"]
[EventRounds "9"]
[EventCountry "ESP"]
[Source "lmi"]
[SourceDate "2008.05.08"]

1. e4 c5 2. c3 d5 3. exd5 Qxd5 4. d4 Nf6 5. Nf3 Bg4 6. Be2 e6 7. Na3 cxd4 8.
Nb5 Na6 9. Qxd4 Bc5 10. Qf4 O-O 11. O-O Rfd8 12. b4 Be7 13. Be3 Qh5 14. h3 Bxf3
15. Qxf3 Qxf3 16. Bxf3 Nd5 17. Bxd5 Rxd5 18. c4 Rd7 19. a3 b6 20. Rfd1 Rad8 21.
Rxd7 Rxd7 22. Kf1 Nb8 23. Rc1 Kf8 24. c5 bxc5 25. Bxc5 Bxc5 26. Rxc5 Ke7 27.
Rc8 Rb7 28. Nd4 Kd6 29. Ke2 Nd7 30. Ra8 Kd5 31. Ke3 Nb6 32. Rd8+ Kc4 33. Nc6
Nd5+ 34. Kd2 Rc7 35. Na5+ Kb5 36. Nb3 Ka4 37. Nd4 Rc4 38. Nc2 Kb3 39. Ne3 Rd4+
40. Kc1 Rf4 41. f3 Kxa3 42. Nxd5 exd5 43. b5 d4 44. Ra8 Kb4 45. Rxa7 Kxb5 46.
Rc7 Kb6 47. Rc4 Kb5 48. Rc7 Rf6 49. Kd2 Kb6 50. Rc4 Rg6 51. Rxd4 Rxg2+ 52. Ke3
Kc6 53. Kf4 Rb2 54. Kg3 Rb5 55. h4 Rd5 56. Rf4 f6 57. Rc4+ Kd7 58. Rg4 g6 59.
Ra4 Ke6 60. Ra6+ Rd6 61. Ra7 Rd7 62. Ra5 Kf7 63. Kf4 h5 64. Kg3 Kg7 1/2-1/2

[Event "Campeonato de España Universitario 2008"]
[Site "Madrid ESP"]
[Date "2008.05.09"]
[Round "6.29"]
[White "Jimenez Martinez, Jose Vicente"]
[Black "Pavon Cardenas, Jesus M"]
[Result "1-0"]
[WhiteElo "2202"]
[BlackElo "2093"]
[PlyCount "113"]
[EventDate "2008.05.08"]
[EventType "swiss"]
[EventRounds "9"]
[EventCountry "ESP"]
[Source "lmi"]
[SourceDate "2008.05.08"]

1. d4 e6 2. c4 d5 3. Nf3 f5 4. Nc3 Nf6 5. g3 c6 6. Bg2 Be7 7. O-O O-O 8. b3
Nbd7 9. a4 Ne4 10. Qc2 Ndf6 11. Bf4 Bd7 12. c5 Be8 13. b4 Nxc3 14. Qxc3 Ne4 15.
Qc2 g5 16. Be5 Bg6 17. Nd2 Bf6 18. Bxf6 Qxf6 19. e3 e5 20. f3 Nxd2 21. Qxd2 f4
22. dxe5 Qxe5 23. exf4 gxf4 24. Rae1 Qf6 25. Bh3 fxg3 26. hxg3 Rae8 27. Bg2 d4
28. f4 d3 29. Bf3 Qd4+ 30. Kg2 a5 31. b5 Qxa4 32. bxc6 bxc6 33. Ra1 Qd4 34. Qf2
Qd8 35. Rfe1 Rxe1 36. Rxe1 Re8 37. Rd1 Be4 38. Bxe4 Rxe4 39. Qf3 Rd4 40. Qxc6
Qe7 41. Qc8+ Rd8 42. Qg4+ Kh8 43. c6 d2 44. Qf3 Kg8 45. f5 Rd6 46. Rb1 Qc7 47.
f6 Rxc6 48. Qg4+ Kf8 49. Rb8+ Kf7 50. Qg7+ Ke6 51. Re8+ Kd5 52. Qg5+ Kc4 53.
Qxd2 Kb5 54. Qe2+ Kb6 55. Qe3+ Kb5 56. Re5+ Ka6 57. Qd3+ 1-0

[Event "Campeonato de España Universitario 2008"]
[Site "Madrid ESP"]
[Date "2008.05.09"]
[Round "6.30"]
[White "Cortes Mamblona, Josep Manel"]
[Black "Garcia Mendoza, Francisco"]
[Result "1-0"]
[WhiteElo "2054"]
[BlackElo "2195"]
[PlyCount "63"]
[EventDate "2008.05.08"]
[EventType "swiss"]
[EventRounds "9"]
[EventCountry "ESP"]
[Source "lmi"]
[SourceDate "2008.05.08"]

1. e4 c5 2. Nc3 Nc6 3. f4 g6 4. Nf3 Bg7 5. Bc4 d6 6. O-O e6 7. f5 gxf5 8. d3
Nge7 9. Ng5 Ne5 10. exf5 Nxf5 11. Qh5 Qe7 12. Nxf7 Nxf7 13. Rxf5 exf5 14. Bg5
Qd7 15. Bb5 O-O 16. Bxd7 Bxd7 17. Nd5 Ne5 18. Be7 Rf7 19. Bxd6 Ng6 20. Bxc5 Bc6
21. c4 Bxb2 22. Rf1 f4 23. Nxf4 Rxf4 24. Rxf4 Nxf4 25. Qg4+ Ng6 26. Qe6+ Kg7
27. d4 Re8 28. Qd6 Kh6 29. d5 Ba4 30. Bf2 b6 31. Qb4 Re2 32. Qxa4 1-0

[Event "Campeonato de España Universitario 2008"]
[Site "Madrid ESP"]
[Date "2008.05.09"]
[Round "6.31"]
[White "Rodriguez Gonzalez, Alex"]
[Black "Muñoz Navarro, Alberto"]
[Result "0-1"]
[WhiteElo "2041"]
[BlackElo "2178"]
[PlyCount "48"]
[EventDate "2008.05.08"]
[EventType "swiss"]
[EventRounds "9"]
[EventCountry "ESP"]
[Source "lmi"]
[SourceDate "2008.05.08"]

1. e4 d6 2. Nc3 g6 3. f4 Bg7 4. Nf3 Nf6 5. e5 Nfd7 6. d4 O-O 7. Bc4 Nb6 8. Bb3
Nc6 9. O-O Bg4 10. Be3 Na5 11. h3 Nbc4 12. Bc1 Bxf3 13. Qxf3 c5 14. dxc5 dxe5
15. Rd1 Qc7 16. Na4 Rfd8 17. c3 b5 18. cxb6 axb6 19. Rxd8+ Rxd8 20. Bxc4 Nxc4
21. b3 b5 22. bxc4 bxa4 23. Rb1 Qxc4 24. Ba3 Qxa2 0-1

[Event "Campeonato de España Universitario 2008"]
[Site "Madrid ESP"]
[Date "2008.05.09"]
[Round "6.32"]
[White "Criado Lopez, Alberto"]
[Black "Pazos Porta, Antonio"]
[Result "1-0"]
[WhiteElo "2014"]
[BlackElo "2176"]
[PlyCount "71"]
[EventDate "2008.05.08"]
[EventType "swiss"]
[EventRounds "9"]
[EventCountry "ESP"]
[Source "lmi"]
[SourceDate "2008.05.08"]

1. e4 e6 2. d4 d5 3. Nc3 Nf6 4. exd5 exd5 5. Bd3 Bd6 6. Nf3 O-O 7. O-O Bg4 8.
Bg5 c6 9. h3 Bh5 10. g4 Bg6 11. Ne5 Re8 12. Re1 Bxd3 13. Qxd3 Nbd7 14. f4 Qb6
15. Kh1 Qc7 16. Re2 Nf8 17. Qf5 Ne4 18. Nxe4 dxe4 19. Nc4 h6 20. Bh4 g6 21. Qa5
Bxf4 22. Qc3 g5 23. Bf2 Qd7 24. Ne5 Bxe5 25. dxe5 Ng6 26. Bg3 Qd5 27. Rd2 Qe6
28. Rd6 Qe7 29. Rf1 Nxe5 30. Rxh6 Rad8 31. Rf5 Rd1+ 32. Kg2 Rd5 33. h4 Kg7 34.
hxg5 Rc5 35. Qb3 Nxg4 36. Rxf7+ 1-0

[Event "Campeonato de España Universitario 2008"]
[Site "Madrid ESP"]
[Date "2008.05.09"]
[Round "6.33"]
[White "Ibarra Jerez, Juan Miguel"]
[Black "Fidalgo Fernandez, Lucia"]
[Result "1-0"]
[WhiteElo "2176"]
[BlackElo "2093"]
[PlyCount "105"]
[EventDate "2008.05.08"]
[EventType "swiss"]
[EventRounds "9"]
[EventCountry "ESP"]
[Source "lmi"]
[SourceDate "2008.05.08"]

1. e4 c5 2. Nf3 e6 3. d4 cxd4 4. Nxd4 Nf6 5. Bd3 Nc6 6. Nxc6 bxc6 7. O-O d5 8.
Nd2 Be7 9. Qe2 O-O 10. b3 Bb7 11. Bb2 c5 12. Rfe1 d4 13. Nc4 Nd7 14. c3 e5 15.
Rf1 Qc7 16. Rac1 Qb8 17. Na5 Bd6 18. g3 Bc8 19. cxd4 cxd4 20. a3 Nf6 21. b4 Bh3
22. Rfe1 Qd8 23. Rc6 Rc8 24. Rec1 Rxc6 25. Rxc6 Bb8 26. Rc2 Ng4 27. Bc1 Nf6 28.
Bd2 Nd7 29. b5 Nb6 30. Bb4 Re8 31. Rc1 Qg5 32. Bd2 Qe7 33. Bb4 Qg5 34. Rc6 Bd7
35. Rc2 f5 36. Nc4 fxe4 37. Qxe4 g6 38. Nxb6 axb6 39. Qd5+ Be6 40. Qc6 Qd8 41.
Be4 Kh8 42. Rc1 Bf5 43. Bd2 Bxe4 44. Qxe4 Bd6 45. h4 Bxa3 46. Rc6 Bc5 47. Bg5
Qd7 48. h5 Qf5 49. Bf6+ Kg8 50. Qd5+ Kf8 51. h6 Rc8 52. Rxc5 bxc5 53. Qd6+ 1-0